[Event "Kingston Canadian Forces"]
[Site "Kingston CAN"]
[Date "2009.11.29"]
[Round "3"]
[White "Lambruschini, Alex"]
[Black "Bellemare, Regis"]
[Result "1-0"]
[WhiteElo "1738"]
[BlackElo "1639"]
[PlyCount "99"]
[GameId "2160767910030076"]
[EventDate "2009.11.28"]
[EventType "match"]
[EventRounds "4"]
[EventCountry "CAN"]
[SourceTitle "EXT 2011"]
[Source "ChessBase"]
[SourceDate "2011.11.26"]
[SourceVersion "1"]
[SourceVersionDate "2011.11.26"]
[SourceQuality "1"]

1. e4 c5 2. Nf3 Nc6 3. d4 cxd4 4. Nxd4 e6 5. Nc3 Bb4 6. Nde2 Nf6 7. a3 Ba5 8. f3 O-O 9. b4 Bb6 10. Na4 Bc7 11. c4 b6 12. Bb2 Ne5 13. Nec3 Ba6 14. Qd4 Rc8 15. f4 Nc6 16. Qd2 Ne7 17. e5 Ne8 18. c5 Bxf1 19. Rxf1 bxc5 20. Nxc5 d5 21. N3a4 Nf5 22. Nb7 Qd7 23. Nac5 Qe7 24. a4 Bb6 25. a5 Bc7 26. Ba3 Qh4+ 27. g3 Nxg3 28. hxg3 Qxg3+ 29. Qf2 Qc3+ 30. Ke2 Qc4+ 31. Kd2 Qb5 32. Qe2 Qxe2+ 33. Kxe2 Kh8 34. Nd7 Rg8 35. Rac1 a6 36. Rc6 Ra8 37. Bb2 h6 38. Bd4 Kh7 39. Bc5 g5 40. Nf8+ Kg7 41. fxg5 hxg5 42. Nd7 Rh8 43. Be7 Rh4 44. Bf6+ Kg8 45. Rg1 Rxb4 46. Rxg5+ Kh7 47. Rc1 Rb2+ 48. Kf3 Rh2 49. Kg3 Rh6 50. Nf8# 1-0

[Event "Kingston Canadian Forces"]
[Site "Kingston CAN"]
[Date "2009.11.29"]
[Round "4"]
[White "Lebrun, Roger"]
[Black "Lambruschini, Alex"]
[Result "1-0"]
[WhiteElo "1965"]
[BlackElo "1738"]
[PlyCount "91"]
[GameId "2160767910030077"]
[EventDate "2009.11.28"]
[EventType "match"]
[EventRounds "4"]
[EventCountry "CAN"]
[SourceTitle "EXT 2011"]
[Source "ChessBase"]
[SourceDate "2011.11.26"]
[SourceVersion "1"]
[SourceVersionDate "2011.11.26"]
[SourceQuality "1"]

1. e4 c5 2. Nf3 d6 3. d4 cxd4 4. Nxd4 a6 5. Nc3 Nf6 6. Bc4 b5 7. Bb3 Bb7 8. f3 e5 9. Nf5 Bc8 10. Ne3 Nbd7 11. Ned5 Nxd5 12. Nxd5 Nc5 13. c4 bxc4 14. Bxc4 Qh4+ 15. g3 Qd8 16. b4 Ne6 17. Be3 Rb8 18. O-O Be7 19. Qd3 a5 20. a3 O-O 21. Rfd1 Bg5 22. Bf2 Kh8 23. Rab1 axb4 24. axb4 f5 25. exf5 Nd4 26. g4 Nxf5 27. gxf5 Bxf5 28. Qe2 Bxb1 29. Rxb1 Bf4 30. Bd3 Qg5+ 31. Kh1 Qh5 32. Nxf4 Rxf4 33. Be4 Qe8 34. b5 Qd8 35. Bg3 Rf8 36. Bd3 Qb6 37. Qe4 g6 38. Kg2 Rfe8 39. Bf2 Qd8 40. Qd5 Qg5+ 41. Kh1 Qf6 42. Be4 Re7 43. b6 Rd7 44. b7 Rc7 45. Qa5 Qd8 46. Bb6 1-0

[Event "Kingston op"]
[Site "Kingston CAN"]
[Date "2009.02.07"]
[Round "1"]
[White "Dixon, Frank"]
[Black "Mayo, Alvah"]
[Result "0-1"]
[WhiteElo "2048"]
[BlackElo "2129"]
[PlyCount "72"]
[GameId "2160767910268897"]
[EventDate "2009.02.07"]
[EventType "swiss"]
[EventRounds "5"]
[EventCountry "CAN"]
[SourceTitle "EXT 2011"]
[Source "ChessBase"]
[SourceDate "2011.11.26"]
[SourceVersion "1"]
[SourceVersionDate "2011.11.26"]
[SourceQuality "1"]

1. Nf3 g6 2. g3 Bg7 3. Bg2 Nf6 4. d3 c5 5. e4 Nc6 6. O-O d6 7. Nbd2 Bd7 8. a4 Qc8 9. Re1 Bh3 10. Bh1 Bg4 11. Nc4 Nd7 12. Ne3 h5 13. c3 Nde5 14. Nxg4 hxg4 15. Nxe5 Bxe5 16. f4 gxf3 17. Qxf3 Bf6 18. Qf1 Ne5 19. Bf4 Ng4 20. Re2 c4 21. Rd1 cxd3 22. Rxd3 Qc5+ 23. Be3 Nxe3 24. Rdxe3 Bg5 25. Qf2 Bxe3 26. Rxe3 O-O 27. b4 Qe5 28. Bg2 Rac8 29. Qd2 Rc4 30. Qd5 Rxc3 31. Rxc3 Qxc3 32. Qxb7 Qe3+ 33. Kf1 f5 34. Qd5+ Kg7 35. e5 f4 36. g4 f3 0-1

[Event "Kingston op"]
[Site "Kingston CAN"]
[Date "2009.02.07"]
[Round "2"]
[White "Kirby, Patrick"]
[Black "Doubleday, William"]
[Result "1-0"]
[WhiteElo "2195"]
[BlackElo "2129"]
[PlyCount "63"]
[GameId "2160767910268898"]
[EventDate "2009.02.07"]
[EventType "swiss"]
[EventRounds "5"]
[EventCountry "CAN"]
[SourceTitle "EXT 2011"]
[Source "ChessBase"]
[SourceDate "2011.11.26"]
[SourceVersion "1"]
[SourceVersionDate "2011.11.26"]
[SourceQuality "1"]

1. e4 c5 2. Nf3 Nc6 3. d4 cxd4 4. Nxd4 Nf6 5. Nc3 d6 6. f3 a6 7. Be3 Nxd4 8. Qxd4 e6 9. O-O-O Qc7 10. g4 h6 11. h4 b5 12. Kb1 Bb7 13. Bh3 Nd7 14. g5 e5 15. Qd2 h5 16. g6 Nf6 17. Nd5 Nxd5 18. exd5 Bc8 19. gxf7+ Kxf7 20. Be6+ Bxe6 21. dxe6+ Kg8 22. Qd5 Rc8 23. e7+ Kh7 24. Qe4+ g6 25. Rhg1 Rg8 26. exf8=N+ Rcxf8 27. Rg5 Qf7 28. Rxh5+ Kg7 29. Rg1 Kf6 30. Rhg5 Re8 31. h5 gxh5 32. Rf5+ 1-0

[Event "Kingston op"]
[Site "Kingston CAN"]
[Date "2009.02.07"]
[Round "2"]
[White "Longo, Tyler"]
[Black "Farine, Jonathan"]
[Result "0-1"]
[WhiteElo "1980"]
[BlackElo "1768"]
[PlyCount "85"]
[GameId "2160767910268899"]
[EventDate "2009.02.07"]
[EventType "swiss"]
[EventRounds "5"]
[EventCountry "CAN"]
[SourceTitle "EXT 2011"]
[Source "ChessBase"]
[SourceDate "2011.11.26"]
[SourceVersion "1"]
[SourceVersionDate "2011.11.26"]
[SourceQuality "1"]

1. Nf3 Nf6 2. c4 c5 3. g3 Nc6 4. Bg2 d6 5. O-O Bf5 6. a3 Qd7 7. d4 cxd4 8. Nxd4 Bh3 9. Bxh3 Qxh3 10. f3 h5 11. Nxc6 bxc6 12. Qa4 Kd7 13. c5 d5 14. Bf4 e5 15. Be3 d4 16. Bf2 Ng4 17. fxg4 hxg4 18. Rd1 Qxh2+ 19. Kf1 Qh1+ 20. Bg1 Rh2 21. Rxd4+ exd4 22. Qxd4+ Kc7 23. Qf4+ Kd8 24. Qd4+ Ke8 25. Qe3+ Kd7 26. Nc3 Rd8 27. Rd1+ Kc8 28. Rxd8+ Kxd8 29. Qd4+ Ke8 30. Qe5+ Be7 31. Qb8+ Bd8 32. Qe5+ Be7 33. Qb8+ Kd7 34. Qb7+ Ke6 35. Qc8+ Kf6 36. Ne4+ Qxe4 37. Bxh2 Qf5+ 38. Qxf5+ Kxf5 39. Bg1 Ke4 40. Kf2 Bg5 41. Ke1 Bc1 42. b4 Bxa3 43. b5 0-1

[Event "Kingston op"]
[Site "Kingston CAN"]
[Date "2009.02.07"]
[Round "2"]
[White "Mayo, Alvah"]
[Black "Yuan, Yuanling"]
[Result "1/2-1/2"]
[WhiteElo "2129"]
[BlackElo "2256"]
[PlyCount "53"]
[GameId "2160767910268900"]
[EventDate "2009.02.07"]
[EventType "swiss"]
[EventRounds "5"]
[EventCountry "CAN"]
[SourceTitle "EXT 2011"]
[Source "ChessBase"]
[SourceDate "2011.11.26"]
[SourceVersion "1"]
[SourceVersionDate "2011.11.26"]
[SourceQuality "1"]

1. e4 c5 2. Nc3 Nc6 3. f4 g6 4. Nf3 Bg7 5. Bb5 Nd4 6. Bd3 e6 7. Nxd4 cxd4 8. Nb5 d6 9. c3 dxc3 10. bxc3 Ne7 11. Ba3 O-O 12. Nxd6 Nc6 13. Qe2 Qd7 14. O-O Rd8 15. f5 Ne5 16. Bb5 Qc7 17. Ne8 Rxe8 18. Bxe8 exf5 19. Ba4 fxe4 20. Qxe4 Bf5 21. Rxf5 gxf5 22. Qxf5 Qa5 23. Bd6 Qb6+ 24. d4 Qxd6 25. dxe5 Qxe5 26. Qxe5 Bxe5 27. Re1 1/2-1/2

[Event "Kingston op"]
[Site "Kingston CAN"]
[Date "2009.02.07"]
[Round "3"]
[White "Yuan, Yuanling"]
[Black "Kirby, Patrick"]
[Result "1/2-1/2"]
[WhiteElo "2256"]
[BlackElo "2195"]
[PlyCount "70"]
[GameId "2160767910268901"]
[EventDate "2009.02.07"]
[EventType "swiss"]
[EventRounds "5"]
[EventCountry "CAN"]
[SourceTitle "EXT 2011"]
[Source "ChessBase"]
[SourceDate "2011.11.26"]
[SourceVersion "1"]
[SourceVersionDate "2011.11.26"]
[SourceQuality "1"]

1. e4 e5 2. Nf3 Nc6 3. Bb5 Nf6 4. O-O Nxe4 5. d4 Nd6 6. Bxc6 dxc6 7. Nxe5 Be7 8. Nd2 O-O 9. Ndf3 Re8 10. b3 f6 11. Nd3 Bf8 12. Bb2 Bg4 13. h3 Bh5 14. Nf4 Bf7 15. Qd3 Qd7 16. d5 cxd5 17. Nxd5 c6 18. Ne3 Bg6 19. Qd2 Rad8 20. Rae1 Qc8 21. Qc1 Ne4 22. Ng4 Bh5 23. Ngh2 Bc5 24. Qf4 Bd6 25. Qc1 Qc7 26. Qa1 Ng5 27. Re3 Bf4 28. Rc3 Ne4 29. Rd3 Rxd3 30. cxd3 Ng5 31. Re1 Rxe1+ 32. Qxe1 Nxf3+ 33. Nxf3 Qd7 34. Qe4 Bc7 35. Qe3 Bf7 1/2-1/2

[Event "Kingston op"]
[Site "Kingston CAN"]
[Date "2009.02.08"]
[Round "4"]
[White "Dixon, Frank"]
[Black "Paulsen, Lorenz"]
[Result "1-0"]
[WhiteElo "2048"]
[BlackElo "1550"]
[PlyCount "41"]
[GameId "2160767910268902"]
[EventDate "2009.02.07"]
[EventType "swiss"]
[EventRounds "5"]
[EventCountry "CAN"]
[SourceTitle "EXT 2011"]
[Source "ChessBase"]
[SourceDate "2011.11.26"]
[SourceVersion "1"]
[SourceVersionDate "2011.11.26"]
[SourceQuality "1"]

1. e4 c5 2. Nc3 Nc6 3. g3 e6 4. Bg2 Nf6 5. d3 d5 6. exd5 exd5 7. Bg5 Be7 8. Nge2 O-O 9. O-O d4 10. Bxf6 Bxf6 11. Ne4 Be5 12. Nxc5 Qb6 13. Nb3 Bg4 14. Qd2 Rfe8 15. Nf4 Rac8 16. Nd5 Qd8 17. Rae1 Qd7 18. Nc5 Qd6 19. Ne4 Qd7 20. Qg5 h6 21. Ndf6+ 1-0

[Event "Kingston op"]
[Site "Kingston CAN"]
[Date "2009.02.08"]
[Round "4"]
[White "Doubleday, William"]
[Black "Arseneau, Peter"]
[Result "1-0"]
[WhiteElo "2129"]
[BlackElo "1907"]
[PlyCount "51"]
[GameId "2160767910268903"]
[EventDate "2009.02.07"]
[EventType "swiss"]
[EventRounds "5"]
[EventCountry "CAN"]
[SourceTitle "EXT 2011"]
[Source "ChessBase"]
[SourceDate "2011.11.26"]
[SourceVersion "1"]
[SourceVersionDate "2011.11.26"]
[SourceQuality "1"]

1. d4 Nf6 2. c4 g6 3. Nc3 d5 4. cxd5 Nxd5 5. e4 Nxc3 6. bxc3 c5 7. Bc4 Bg7 8. Ne2 O-O 9. O-O cxd4 10. cxd4 Nc6 11. Be3 Bg4 12. f3 Na5 13. Bxf7+ Rxf7 14. fxg4 e5 15. Rxf7 Kxf7 16. Rc1 b5 17. dxe5 Bxe5 18. Bd4 Nc4 19. Qf1+ Kg7 20. Rxc4 bxc4 21. Bxe5+ Kg8 22. Nf4 Qb6+ 23. Kh1 Rd8 24. Nd5 Qb7 25. h3 Rc8 26. Qf6 1-0

[Event "Kingston op"]
[Site "Kingston CAN"]
[Date "2009.02.08"]
[Round "4"]
[White "Gellner, Nicholas"]
[Black "Munro, Allan"]
[Result "1-0"]
[WhiteElo "1569"]
[BlackElo "2054"]
[PlyCount "85"]
[GameId "2160767910268904"]
[EventDate "2009.02.07"]
[EventType "swiss"]
[EventRounds "5"]
[EventCountry "CAN"]
[SourceTitle "EXT 2011"]
[Source "ChessBase"]
[SourceDate "2011.11.26"]
[SourceVersion "1"]
[SourceVersionDate "2011.11.26"]
[SourceQuality "1"]

1. e4 c5 2. c3 Nf6 3. e5 Nd5 4. d4 cxd4 5. Nf3 Nc6 6. Bc4 Nb6 7. Bb5 a6 8. Bxc6 dxc6 9. cxd4 Bg4 10. Be3 Nd5 11. O-O e6 12. Nbd2 Be7 13. Qb3 Qb6 14. Qxb6 Nxb6 15. Rac1 O-O 16. Ng5 h6 17. Nge4 Bf5 18. b3 Rfd8 19. Nc5 Rab8 20. h3 Nd5 21. Rfd1 Nb4 22. a4 Bc2 23. Rf1 Bxc5 24. dxc5 Bd3 25. Nc4 Bxc4 26. Rxc4 Nd5 27. Re1 Rd7 28. Rd4 Rbd8 29. Red1 Kf8 30. R1d3 Ke8 31. Kf1 Nxe3+ 32. fxe3 a5 33. Rxd7 Rxd7 34. Rd6 Rxd6 35. exd6 Kd7 36. Ke2 b6 37. cxb6 Kxd6 38. Kd3 Kd7 39. Kc4 Kc8 40. b4 axb4 41. Kxb4 e5 42. Kc5 Kb7 43. a5 1-0

[Event "Kingston op"]
[Site "Kingston CAN"]
[Date "2009.02.08"]
[Round "4"]
[White "Kirby, Patrick"]
[Black "Mayo, Alvah"]
[Result "1/2-1/2"]
[WhiteElo "2195"]
[BlackElo "2129"]
[PlyCount "109"]
[GameId "2160767910268905"]
[EventDate "2009.02.07"]
[EventType "swiss"]
[EventRounds "5"]
[EventCountry "CAN"]
[SourceTitle "EXT 2011"]
[Source "ChessBase"]
[SourceDate "2011.11.26"]
[SourceVersion "1"]
[SourceVersionDate "2011.11.26"]
[SourceQuality "1"]

1. d4 g6 2. e4 Bg7 3. Nc3 c5 4. d5 d6 5. Bb5+ Bd7 6. a4 Nf6 7. Nf3 O-O 8. h3 a6 9. Bxd7 Nbxd7 10. a5 b5 11. axb6 Qxb6 12. O-O Rfb8 13. Nd2 Qc7 14. Qe2 a5 15. Nc4 Rb4 16. Bd2 Rab8 17. Nd1 R4b5 18. Bxa5 Qa7 19. Nc3 R5b7 20. Bd8 Rxd8 21. Rxa7 Rxa7 22. f4 Rb8 23. Qf3 Rb4 24. b3 Nh5 25. g4 Rxc4 26. bxc4 Ra3 27. gxh5 Rxc3 28. Qg4 Bd4+ 29. Kh1 Nf6 30. Qc8+ Kg7 31. h6+ Kxh6 32. Qf8+ Kh5 33. Qxe7 Kh4 34. Rf2 Kxh3 35. Rh2+ Kg3 36. Rg2+ Kf3 37. e5 Ne4 38. Qh4 Bf2 39. Qg4+ Ke3 40. e6 f5 41. Qd1 Bh4 42. Re2+ Kxf4 43. Qc1+ Ke5 44. Rxe4+ fxe4 45. Qa1 Kd4 46. Qa7 Rxc4 47. e7 Bxe7 48. Qxe7 Kxd5 49. Qxh7 Rxc2 50. Qxg6 Rc4 51. Qf5+ Kd4 52. Qf6+ Kd5 53. Qf5+ Kc6 54. Qc8+ Kd5 55. Qf5+ 1/2-1/2

[Event "Kingston op"]
[Site "Kingston CAN"]
[Date "2009.02.08"]
[Round "4"]
[White "Peristy, Luke"]
[Black "Van Dusen, Eric"]
[Result "1-0"]
[WhiteElo "1488"]
[BlackElo "1941"]
[PlyCount "77"]
[GameId "2160767910268906"]
[EventDate "2009.02.07"]
[EventType "swiss"]
[EventRounds "5"]
[EventCountry "CAN"]
[SourceTitle "EXT 2011"]
[Source "ChessBase"]
[SourceDate "2011.11.26"]
[SourceVersion "1"]
[SourceVersionDate "2011.11.26"]
[SourceQuality "1"]

1. c4 g6 2. Nc3 Bg7 3. g3 e5 4. Bg2 Nc6 5. d3 f5 6. e3 Nge7 7. Nge2 O-O 8. O-O d6 9. a3 a5 10. Rb1 Be6 11. Nd5 Bxd5 12. cxd5 Nb8 13. Qb3 b6 14. f4 Nd7 15. fxe5 Nc5 16. Qc4 b5 17. Qxb5 Rb8 18. Qc4 Nb3 19. Nf4 Bh6 20. Kh1 Qd7 21. Qc3 Rfc8 22. Ne6 c6 23. Nf4 cxd5 24. Nxd5 Nxd5 25. Bxd5+ Kf8 26. Qe1 dxe5 27. Bxb3 Rxb3 28. d4 exd4 29. e4 Bxc1 30. Rxc1 Rxc1 31. Qxc1 Kg7 32. exf5 Qb7+ 33. Kg1 Rxb2 34. f6+ Kh8 35. Qxb2 Qxb2 36. f7 Qxa3 37. f8=Q+ Qxf8 38. Rxf8+ Kg7 39. Rd8 1-0

[Event "Kingston op"]
[Site "Kingston CAN"]
[Date "2009.02.08"]
[Round "5"]
[White "Van Dusen, Eric"]
[Black "Dixon, Frank"]
[Result "1/2-1/2"]
[WhiteElo "1935"]
[BlackElo "2048"]
[PlyCount "77"]
[GameId "2160767910268907"]
[EventDate "2009.02.07"]
[EventType "swiss"]
[EventRounds "5"]
[EventCountry "CAN"]
[SourceTitle "EXT 2011"]
[Source "ChessBase"]
[SourceDate "2011.11.26"]
[SourceVersion "1"]
[SourceVersionDate "2011.11.26"]
[SourceQuality "1"]

1. d4 Nf6 2. Nf3 g6 3. Nc3 d6 4. e4 Bg7 5. Be3 O-O 6. Qd2 Nbd7 7. O-O-O c6 8. e5 Ng4 9. Bf4 dxe5 10. dxe5 Qa5 11. e6 fxe6 12. Ng5 Nb6 13. f3 Nf2 14. Qxf2 Rxf4 15. Rd8+ Rf8 16. Qh4 Rxd8 17. Qxh7+ Kf8 18. Qxg6 Qf5 19. Qh5 Bd7 20. Bd3 Be8 21. Qh4 Rxd3 22. cxd3 Nd5 23. g4 Qg6 24. Nce4 Nf4 25. Kc2 Rd8 26. Rd1 Rd5 27. Rd2 Bh6 28. Nh7+ Qxh7 29. g5 Ng6 30. Qh3 Nf4 31. Qh4 e5 32. gxh6 Bg6 33. Ng5 Bxd3+ 34. Kc3 Rc5+ 35. Kb4 Rb5+ 36. Ka4 Qh8 37. Ne6+ Nxe6 38. Rxd3 a5 39. Rc3 1/2-1/2

[Event "Kitchener Oktoberfest"]
[Site "Kitchener CAN"]
[Date "2009.10.16"]
[Round "1"]
[White "Drkulec, Vladimir"]
[Black "Gladstone, Simon"]
[Result "1-0"]
[WhiteElo "2048"]
[BlackElo "1945"]
[PlyCount "63"]
[GameId "2160767910096308"]
[EventDate "2009.10.16"]
[EventType "swiss"]
[EventRounds "5"]
[EventCountry "CAN"]
[SourceTitle "EXT 2011"]
[Source "ChessBase"]
[SourceDate "2011.11.26"]
[SourceVersion "1"]
[SourceVersionDate "2011.11.26"]
[SourceQuality "1"]

1. d4 e6 2. g3 Nf6 3. Bg2 d5 4. c4 c5 5. cxd5 exd5 6. Nf3 Nc6 7. O-O Bf5 8. Nc3 Be7 9. dxc5 Bxc5 10. Bf4 O-O 11. Ne5 d4 12. Nxc6 bxc6 13. Na4 Bb4 14. a3 Be7 15. Rc1 Rc8 16. Rxc6 Rxc6 17. Bxc6 Bd7 18. Qc2 Qc8 19. Rc1 Qa6 20. Bxd7 Nxd7 21. Qc4 Qb7 22. Qxd4 Bf6 23. Qd1 Nb6 24. Nc5 Qc6 25. Nd3 Qb5 26. Rc5 Qa6 27. Qc2 h6 28. Be5 Bxe5 29. Nxe5 Rb8 30. Nc6 Re8 31. e3 Na4 32. Ra5 1-0

[Event "Kitchener Oktoberfest"]
[Site "Kitchener CAN"]
[Date "2009.10.16"]
[Round "1"]
[White "Gashgarian, Robert"]
[Black "Plotkin, Victor"]
[Result "0-1"]
[WhiteElo "1947"]
[BlackElo "2337"]
[PlyCount "62"]
[GameId "2160767910096310"]
[EventDate "2009.10.16"]
[EventType "swiss"]
[EventRounds "5"]
[EventCountry "CAN"]
[SourceTitle "EXT 2011"]
[Source "ChessBase"]
[SourceDate "2011.11.26"]
[SourceVersion "1"]
[SourceVersionDate "2011.11.26"]
[SourceQuality "1"]

1. d4 Nf6 2. c4 e6 3. Nc3 d5 4. Nf3 Be7 5. Bf4 O-O 6. e3 c5 7. cxd5 Nxd5 8. Bg3 cxd4 9. exd4 Qa5 10. Qb3 Nc6 11. a3 Rd8 12. Be2 Bf6 13. Rd1 Nxc3 14. Qxc3 Qxc3+ 15. bxc3 b6 16. Nd2 Bb7 17. Nc4 Be7 18. a4 Rac8 19. Ne3 Na5 20. c4 Ba6 21. d5 Nxc4 22. d6 Bf6 23. d7 Rc5 24. Rc1 Nxe3 25. Rxc5 Nxg2+ 26. Kf1 Bxe2+ 27. Kxe2 bxc5 28. Rd1 e5 29. Rd5 Nf4+ 30. Bxf4 exf4 31. Kd3 Kf8 0-1

[Event "Kitchener Oktoberfest"]
[Site "Kitchener CAN"]
[Date "2009.10.17"]
[Round "2"]
[White "Gashgarian, Robert"]
[Black "Fiedler, Brian"]
[Result "1/2-1/2"]
[WhiteElo "1947"]
[BlackElo "2129"]
[PlyCount "30"]
[GameId "2160767910096311"]
[EventDate "2009.10.16"]
[EventType "swiss"]
[EventRounds "5"]
[EventCountry "CAN"]
[SourceTitle "EXT 2011"]
[Source "ChessBase"]
[SourceDate "2011.11.26"]
[SourceVersion "1"]
[SourceVersionDate "2011.11.26"]
[SourceQuality "1"]

1. d4 Nf6 2. c4 g6 3. Nc3 Bg7 4. e4 d6 5. Be2 O-O 6. Bg5 c5 7. d5 Qa5 8. Bd2 e6 9. Nf3 exd5 10. cxd5 Re8 11. Qc2 a6 12. O-O Bg4 13. h3 Bxf3 14. Bxf3 Nbd7 15. a4 Qc7 1/2-1/2

[Event "Kitchener Oktoberfest"]
[Site "Kitchener CAN"]
[Date "2009.10.17"]
[Round "2"]
[White "Gladstone, Simon"]
[Black "Humphreys, Michael"]
[Result "1/2-1/2"]
[WhiteElo "1945"]
[BlackElo "2223"]
[PlyCount "121"]
[GameId "2160767910096312"]
[EventDate "2009.10.16"]
[EventType "swiss"]
[EventRounds "5"]
[EventCountry "CAN"]
[SourceTitle "EXT 2011"]
[Source "ChessBase"]
[SourceDate "2011.11.26"]
[SourceVersion "1"]
[SourceVersionDate "2011.11.26"]
[SourceQuality "1"]

1. e4 c6 2. d4 d5 3. Nc3 dxe4 4. Nxe4 Nd7 5. Nf3 Ngf6 6. Nxf6+ Nxf6 7. Bc4 Bf5 8. O-O e6 9. Bf4 Bg4 10. Re1 Be7 11. c3 O-O 12. h3 Bh5 13. Be2 Qb6 14. Qc2 c5 15. Rad1 Rfd8 16. Be5 Rac8 17. dxc5 Bxc5 18. Rxd8+ Rxd8 19. Bd4 Bg6 20. Bxc5 Qxc5 21. Qb3 Ne4 22. Rf1 b6 23. Qa4 a5 24. Ba6 h6 25. Bb7 Nd6 26. Ba6 Ra8 27. Be2 b5 28. Qd4 Qxd4 29. Nxd4 b4 30. c4 e5 31. Nc6 f6 32. Ne7+ Kf7 33. Nxg6 Kxg6 34. c5 Ne8 35. c6 Rc8 36. Bb5 Nd6 37. Ba4 Kf7 38. Rc1 Ke7 39. Rc5 Ra8 40. c7 Rc8 41. Rxa5 Rxc7 42. Rd5 Nc4 43. Rb5 Nxb2 44. Rxb4 Rc1+ 45. Kh2 Nxa4 46. Rxa4 Ke6 47. g4 Rd1 48. Ra7 Rd2 49. Kg3 Rd3+ 50. Kg2 g5 51. Ra6+ Kf7 52. a4 Ra3 53. a5 Ra2 54. Ra8 e4 55. Kf1 Ke6 56. a6 Kf7 57. a7 Kg7 58. Re8 Rxa7 59. Rxe4 Ra3 60. Kg2 Kg6 61. Rb4 1/2-1/2

[Event "Kitchener Oktoberfest"]
[Site "Kitchener CAN"]
[Date "2009.10.17"]
[Round "2"]
[White "Jung, Hans"]
[Black "Friedman, Alexander"]
[Result "1-0"]
[WhiteElo "2225"]
[BlackElo "2125"]
[PlyCount "75"]
[GameId "2160767910096313"]
[EventDate "2009.10.16"]
[EventType "swiss"]
[EventRounds "5"]
[EventCountry "CAN"]
[SourceTitle "EXT 2011"]
[Source "ChessBase"]
[SourceDate "2011.11.26"]
[SourceVersion "1"]
[SourceVersionDate "2011.11.26"]
[SourceQuality "1"]

1. e4 c5 2. Nf3 Nc6 3. Bb5 e6 4. O-O g6 5. d4 cxd4 6. Nxd4 Bg7 7. Be3 Nge7 8. c3 O-O 9. Qd2 a6 10. Be2 Qc7 11. c4 b6 12. Nc3 Rb8 13. Rac1 Nxd4 14. Bxd4 Nc6 15. Bxg7 Kxg7 16. Rfd1 Re8 17. f4 Bb7 18. e5 Re7 19. Qe1 Rf8 20. Bf3 f6 21. Nd5 exd5 22. cxd5 Qb8 23. dxc6 dxc6 24. exf6+ Kxf6 25. Qh4+ Kf7 26. Qxh7+ Kf6 27. Qh4+ Kf7 28. f5 Qc7 29. Qh7+ Ke8 30. Qxg6+ Rff7 31. Qg8+ Rf8 32. Bh5+ Ref7 33. Qg5 c5 34. Bxf7+ Rxf7 35. Qg8+ Ke7 36. Re1+ Kd6 37. Qg6+ Kd5 38. Qe6+ 1-0

[Event "Kitchener Oktoberfest"]
[Site "Kitchener CAN"]
[Date "2009.10.17"]
[Round "2"]
[White "Plotkin, Victor"]
[Black "Drkulec, Vladimir"]
[Result "1-0"]
[WhiteElo "2337"]
[BlackElo "2048"]
[PlyCount "53"]
[GameId "2160767910096314"]
[EventDate "2009.10.16"]
[EventType "swiss"]
[EventRounds "5"]
[EventCountry "CAN"]
[SourceTitle "EXT 2011"]
[Source "ChessBase"]
[SourceDate "2011.11.26"]
[SourceVersion "1"]
[SourceVersionDate "2011.11.26"]
[SourceQuality "1"]

1. e4 e5 2. Nf3 Nc6 3. Bc4 Bc5 4. O-O Nf6 5. Re1 O-O 6. c3 d6 7. d3 h6 8. Nbd2 a6 9. Bb3 Be6 10. Bc2 Ba7 11. Nf1 Nh7 12. Ng3 Ne7 13. d4 f6 14. Nh4 Kh8 15. Ngf5 Bxf5 16. exf5 Qe8 17. Ng6+ Nxg6 18. fxg6 Ng5 19. Qh5 Qb5 20. h4 exd4 21. hxg5 fxg5 22. Re7 dxc3 23. Qxh6+ gxh6 24. g7+ Kg8 25. Bh7+ Kxh7 26. gxf8=Q+ Kg6 27. Qf7# 1-0

[Event "Kitchener Oktoberfest"]
[Site "Kitchener CAN"]
[Date "2009.10.17"]
[Round "3"]
[White "Friedman, Alexander"]
[Black "Fiedler, Brian"]
[Result "0-1"]
[WhiteElo "2125"]
[BlackElo "2129"]
[PlyCount "76"]
[GameId "2160767910096316"]
[EventDate "2009.10.16"]
[EventType "swiss"]
[EventRounds "5"]
[EventCountry "CAN"]
[SourceTitle "EXT 2011"]
[Source "ChessBase"]
[SourceDate "2011.11.26"]
[SourceVersion "1"]
[SourceVersionDate "2011.11.26"]
[SourceQuality "1"]

1. e4 c5 2. Nc3 e6 3. g3 d5 4. exd5 exd5 5. Bg2 Nf6 6. d3 d4 7. Ne4 Be7 8. Ne2 Nc6 9. O-O Nd5 10. Nf4 Nxf4 11. Bxf4 Bf5 12. Re1 O-O 13. h4 Qd7 14. Kh2 Rfe8 15. Qd2 Rad8 16. Re2 Nb4 17. a3 Nd5 18. Rae1 Kf8 19. Bg5 f6 20. Bf4 Bg4 21. f3 Bf5 22. g4 Bxe4 23. dxe4 Nxf4 24. Qxf4 Bd6 25. e5 Bb8 26. g5 Kg8 27. gxf6 Rf8 28. Qe4 gxf6 29. f4 Qg4 30. Bh3 Qxh4 31. Rg1+ Kh8 32. Rg4 Qh5 33. Qxb7 Qh6 34. Qc6 d3 35. cxd3 Rxd3 36. Qg2 f5 37. Rg5 Qh4 38. Rf2 Rxh3+ 0-1

[Event "Kitchener Oktoberfest"]
[Site "Kitchener CAN"]
[Date "2009.10.17"]
[Round "3"]
[White "Humphreys, Michael"]
[Black "Gashgarian, Robert"]
[Result "1-0"]
[WhiteElo "2223"]
[BlackElo "1947"]
[PlyCount "32"]
[GameId "2160767910096317"]
[EventDate "2009.10.16"]
[EventType "swiss"]
[EventRounds "5"]
[EventCountry "CAN"]
[SourceTitle "EXT 2011"]
[Source "ChessBase"]
[SourceDate "2011.11.26"]
[SourceVersion "1"]
[SourceVersionDate "2011.11.26"]
[SourceQuality "1"]

1. Nf3 b6 2. g3 Bb7 3. Bg2 f5 4. O-O Nf6 5. d4 e6 6. c4 Be7 7. d5 exd5 8. Nd4 O-O 9. Nxf5 Bc5 10. cxd5 Ng4 11. Ne3 Nxe3 12. Bxe3 Bxe3 13. fxe3 Rxf1+ 14. Qxf1 Qe7 15. Qf4 Na6 16. d6 cxd6 1-0

[Event "Kitchener Oktoberfest"]
[Site "Kitchener CAN"]
[Date "2009.10.17"]
[Round "3"]
[White "Klarner, William"]
[Black "Jung, Hans"]
[Result "1/2-1/2"]
[WhiteElo "2187"]
[BlackElo "2225"]
[PlyCount "65"]
[GameId "2160767910096318"]
[EventDate "2009.10.16"]
[EventType "swiss"]
[EventRounds "5"]
[EventCountry "CAN"]
[SourceTitle "EXT 2011"]
[Source "ChessBase"]
[SourceDate "2011.11.26"]
[SourceVersion "1"]
[SourceVersionDate "2011.11.26"]
[SourceQuality "1"]

1. Nf3 d5 2. d4 e6 3. c4 Nf6 4. Nc3 c6 5. Bg5 Nbd7 6. cxd5 exd5 7. e3 Be7 8. Qc2 O-O 9. Bd3 Re8 10. O-O h6 11. Bh4 Ne4 12. Bxe7 Qxe7 13. Bxe4 dxe4 14. Nd2 Nf6 15. Rae1 b6 16. f3 Ba6 17. Rf2 Bd3 18. Qb3 Rad8 19. Ncxe4 Bxe4 20. Nxe4 Nxe4 21. fxe4 c5 22. Ref1 Qxe4 23. dxc5 bxc5 24. Rxf7 Qxe3+ 25. Qxe3 Rxe3 26. R7f2 Rde8 27. g3 R8e6 28. Rc2 Re2 29. Rf2 Rxc2 30. Rxc2 Re5 31. Kf2 Kf7 32. Re2 Ke6 33. Rd2 1/2-1/2